000 00964nam a2200277 4500
001 123304
003 ES-MaACL
005 20250903022111.0
007 t|
008 070214s1982 sp r ||||0| spa d
020 _a84-205-0878-0
080 _a519.22(076.1)
100 1 _aQuesada Paloma, Vicente.
_994569
245 1 0 _aCurso y ejercicios de estadística :
_baplicación a las ciencias biológicas, médicas y sociales /
_cVicente Quesada Paloma, A. Isidoro Martín, L.A. López Martín.
250 _a2ª ed.
260 _aMadrid :
_bAlhambra,
_c1982.
300 _aVII, 437 p. :
_bgráf. ;
_c24 cm +
_e1 cuaderno: Tablas (24 p.)
490 1 _aAlhambra universidad
504 _aBibliografía: p. 437.
650 7 _aEstadística matemática
_2embne
_9143469
700 1 _aIsidoro Martín, A.
_965569
700 1 _aLópez Martín, L. A.
_973754
830 1 _aAlhambra universidad
_9180698
852 _aES-MaACL
_jL-2736
999 _c123304
_d123304